000
00324nam a2200133Ia 4500
008
150201s2006 xx 000 0 und d
082
_a
616.07
_b
H06T
100
_a
TALWAR,GP
245
2
_a
A HB OF PRACTICAL CLINICAL IMMUNOLOGY-2
250
_a
2ND
260
_b
CBS
_a
DELHI
_c
2006
650
_a
MICROBIOLOGY
942
_2
ddc
_c
BK
_0
2
999
_c
897
_d
897